000 01131nam a2200193 a 4500
008 120416s0000 ||||||||||||||||| || u
020 _a0471203718
050 _aTJ 213 Der
100 _aDeRoy, Benjamin E
245 1 0 _aAutomatic control theory
260 _aNew York
_bJohn Wiley and Sons
_c1966
300 _axi, 274p. : ill.
350 _a0.00
995 _aBINDERY (DAMAGED)
_D0.00
_e715205
_FCBU-MAIN LIBRARY (Kitwe)
_H1
_I4.50
_jTJ 213 Der
_M3
_UDAMAGED
_y025105
_ZMain Library Open Access Collection
995 _aMAIN LIBRARY OPEN ACCESS
_D0.00
_e711933
_FCBU-MAIN LIBRARY (Kitwe)
_H4
_I4.50
_jTJ 213 Der
_M1
_UAVAILABLE
_y017866
_ZMain Library Open Access Collection
995 _aMAIN LIBRARY OPEN ACCESS
_D0.00
_e711934
_FCBU-MAIN LIBRARY (Kitwe)
_H5
_I4.50
_jTJ 213 Der
_M2
_UAVAILABLE
_y017867
_ZMain Library Open Access Collection
995 _aBINDERY (DAMAGED)
_D0.00
_e711936
_FCBU-MAIN LIBRARY (Kitwe)
_H1
_I0.00
_jTJ 213 Der
_UDAMAGED
_WJun 2, 2009
_y711936
_ZMain Library Open Access Collection
995 _aBINDERY (DAMAGED)
_D0.00
_e711935
_FCBU-MAIN LIBRARY (Kitwe)
_H2
_I4.50
_jTJ 213 Der
_M4
_UDAMAGED
_y711935
_ZMain Library Open Access Collection
999 _c84478
_d84478